Introspección hispánica / (Record no. 25495)

MARC details
000 -LEADER
campo de control de longitud fija 00482nam a2200157 i 4500
001 - NÚMERO DE CONTROL
campo de control 25495
003 - IDENTIFICADOR DE NÚMERO DE CONTROL
campo de control ES-MaACL
005 - FECHA Y HORA DE LA ÚLTIMA TRANSACCIÓN
campo de control 20230906153259.0
007 - CAMPO FIJO DE DESCRIPCIÓN FÍSICA--INFORMACIÓN GENERAL
campo de control de longitud fija t|
008 - DATOS DE LONGITUD FIJA--INFORMACIÓN GENERAL
campo de control de longitud fija 021226s1954 es ||||1| spa d
100 1# - ENTRADA PRINCIPAL--NOMBRE DE PERSONA
Nombre de persona Arce y Valladares, Manuel José.
9 (RLIN) 22469
245 10 - MENCIÓN DEL TÍTULO
Título Introspección hispánica /
Mención de responsabilidad, etc. Manuel José Arce y Valladares.
260 ## - PUBLICACIÓN, DISTRIBUCIÓN, ETC.
Lugar de publicación, distribución, etc. San Salvador, El Salvador :
Nombre del editor, distribuidor, etc. Ateneo,
Fecha de publicación, distribución, etc. 1954.
300 ## - DESCRIPCIÓN FÍSICA
Extensión 1 lám. :
Otras características físicas retr. aut. ;
Dimensiones 32 cm.
852 ## - LOCALIZACIÓN
Ubicación ES-MaACL
Número de control de estantería 1965-F-2
Sublocalización o colección R.36644
Holdings
Estatus retirado Estado de pérdida Estado de daño No para préstamo Colección Biblioteca de origen Biblioteca actual Ubicación en estantería Fecha de adquisición Fuente de adquisición Total de préstamos Signatura topográfica completa Código de barras Visto por última vez Precio de reemplazo Tipo de ítem Koha
        Colección de folletos Biblioteca del Ateneo de Madrid Biblioteca del Ateneo de Madrid Depósito folletos 17/01/2008     1965-F-2 1026288 23/02/2023 23/02/2023 Folleto